| 000 | 03230nam a2200385 i 4500 | ||
|---|---|---|---|
| 001 | 196775 | ||
| 003 | ES-MaACL | ||
| 005 | 20250729030531.0 | ||
| 008 | 241118s2019 sp | |||| 001 0 spa | ||
| 015 | _aMON19 | ||
| 017 |
_aM 25219-2019 _bOficina Depósito Legal Madrid |
||
| 020 | _a9788491817246 | ||
| 035 | _a(OCoLC)1142912915 | ||
| 035 | _a(SpMaBN)a6599723 | ||
| 040 |
_aSpMaBN _bspa _cSpMaBN _erda |
||
| 080 | _a930.25 | ||
| 100 |
_aCruz Mundet, José Ramón, _d1960- _9239312 _eaut |
||
| 240 | 1 | 0 | _aArchivística |
| 245 | 1 | 0 |
_aArchivística : _bgestión de documentos y administración de archivos / _cJosé Ramón Cruz Mundet. |
| 250 | _aPrimera reimpresión: 2023 | ||
| 264 | 1 |
_aMadrid : _bAlianza Editorial, _c[2019]. |
|
| 264 | 4 | _c©2019 | |
| 300 |
_a395 páginas ; _c24 cm |
||
| 336 |
_aTexto _2rdacontent |
||
| 337 |
_asin mediación _2rdamedia |
||
| 338 |
_avolumen _2rdacarrier |
||
| 504 | _aBibliografía: páginas 361-381. Índice | ||
| 520 | _a"Archivística" es una sistematización completa del conocimiento teórico, de las normas y de las prácticas presentes en la gestión de los documentos y en la administración de los archivos en el ámbito de las organizaciones públicas y privadas. Se trata la materia desde la perspectiva de las omnipresentes tecnologías de la información, pues, tras siglos de producir documentos en papel, las organizaciones y los individuos basamos cada día más nuestras actividades en documentos electrónicos cuya gestión plantea nuevos retos, a los que se pretende dar respuesta también en estas páginas. "Archivística" estructura sus contenidos en torno a tres ejes: el marco contextual y conceptual, el sistema archivístico y las herramientas. El marco contextual y conceptual empieza con la evolución histórica de la Archivística, sigue con los conceptos de documento y archivo, y termina con una breve descripción de las ciencias auxiliares. El sistema archivístico aborda el ciclo de vida de los documentos para terminar con una visión panorámica del sistema español y el de los principales países de nuestro entorno. Las herramientas son lo que podríamos denominar los procesos de tratamiento y archivo. Esta nueva edición de "Archivística", aumentada y actualizada, se dirige a alumnos universitarios y a profesionales, así como a empresas e instituciones que quieran convertir sus documentos en recursos de información y en pruebas seguras para el desarrollo de sus actividades. En el contexto de la «sociedad de la información», la administración de archivos es un valor añadido que proporciona eficacia y transparencia en la gestión, contribuye a la responsabilidad corporativa y asegura la conservación del patrimonio histórico. Tal es el objeto de la Archivística y el de las páginas de este libro que pretende compendiarla. | ||
| 650 | 7 |
_aArchivística _2embne _99949 |
|
| 852 |
_aES-MaACL _cDEPOJ _jN-10209 _hDonación: Roberto Fernández _xEncuadernación rústica con solapas _9206336 |
||
| 942 |
_cMONOGRAFIA _n0 |
||
| 999 |
_c196775 _d196775 |
||